Clairo - Discography - Statistics

General Stats
  • This quiz has been taken 45 times
  • The average score is 30 of 62
Answer Stats
# title % Correct
5. Bags
93%
7. Juna
88%
7. Sofia
88%
2. Amoeba
81%
2. Sexy to Someone
81%
1. (Rejjie Snow) Hello?
76%
2. Flaming Hot Cheetos
74%
10. Glory of the Snow
74%
1. Nomad
74%
(2023, beabadoobee) Glue Song
71%
4. North
69%
1. Bambi
67%
11. Pier 4
67%
4. Slow Dance
67%
6. Terrapin
67%
5. Thank You
67%
8. Add Up My Love
64%
(2019) Bubble Gum
64%
5. Pretty Girl
64%
8. White Flag
60%
(2019, Wallows) Are You Bored Yet?
57%
5. Blouse
57%
9. Echo
55%
4. 4EVER
52%
7. Harbor
52%
1. Alewife
50%
3. Closer To You
50%
3. Second Nature
50%
6. Softly
50%
4. Zinnias
50%
9. Feel Something
48%
11. I Wouldn't Ask You
48%
12. Management
48%
3. Partridge
48%
(2025, El Michels Affair) Anticipate
45%
3. (Danny L Harle) B.O.M.D
45%
9. Joanie
45%
8. Just For Today
45%
(2024) Love Songs
43%
10. Sinking
43%
6. Wade
43%
2. Impossible
40%
10. Reaper
40%
(2019) Sis
40%
(2024, Spotify Singles) Brooklyn Baby
38%
11. Little Changes
38%
(2017) 2 Hold U
31%
(2018) Heaven
31%
6. How (demo)
31%
(2018, Cuco) Drown
26%
(2017, Jakob) You Might Be Sleeping
26%
(2023, Phoenix) After Midnight
24%
(2019, Mura Musa) I Don't Think I Can Do This Again
24%
(2018, SG Lewis) Better
21%
(2017) Get With U
21%
(2019, Deaton Chris Anthony, Coco & Clair Clair) RACECAR
19%
(2019, SG Lewis) Throwaway
17%
(2019, Charli xcx, Yaeji) February 2017
14%
(2017, Hans., Aso) Froyo
12%
(2024, Jonah Yano) Snowpath
10%
(2017, Mellow Fellow) How Was Your Day?
7%
(2025, SASMI) In Love With A Memory
7%
No matching quizzes found
Score Distribution
Percent of People with Each Score
Percentile by Number Answered
Your Score History
You have not taken this quiz